MDQL
is popping MORE tags! Check the
thread
!
Quizzes
Events
Quiz Creation
Community
Videos
Private Events
Remove Ads
Sign In
Join for FREE
Feedback
Dark Mode
Quiz Categories
Sports
Geography
Music
Movies
Television
Just For Fun
Miscellaneous
History
Literature
Language
Science
Gaming
Entertainment
Religion
Holiday
For Kids
Quiz Lab
Recent
Popular Today
Quiz Kudos Today
Editor Picks
Curator Picks
Quizzes by...
Day
Popularity
Type
Ratings
Length
Year
Community
Subscriptions
Recent Discussions
Orange Saloon
Badges
Playlists
Quests
Create
Leaderboards
Showdown
Live 5
Trivia Bingo
Activity
Puzzle Library
Sporcle Events
Private Events
Virtual Trivia
Globe League
Become a Host
Pub Owners
SporcleCon
Opinionation
Our Games
Videos
Blog
Mobile Apps
Partnerships
Remove Ads and Go Orange
Feedback
Science
Computer
Plants
Astronomy
Chemistry
Elements
Math
Animal
Physics
Anatomy
Biology
Geology
General Science
Science
Computer
Plants
Astronomy
Chemistry
Elements
Math
Animal
Physics
Anatomy
Biology
Geology
General Science
Random Quiz
Search Sporcle
×
Quiz Lab
Quiz Lab
Science
Chemistry
Type in answers that appear in a list
Type in answers that appear in a list
Classic
Best Score? Go Orange.
-o-o- She Blinded Me With Science -o-o- Stats
Can you name the elements without 'VISION'?
By
rer2121
6m
30 Questions
121 Plays
121 Plays
121 Plays
Comments
Comments
Give Quiz Kudos
Give Quiz Kudos
-
- Ratings
hide this ad
Forced Order
Answers have to be entered in order
Answers have to be entered in order
Random Order
Randomize order of answers
Randomize order of answers
Replay
Link that replays current quiz
Next Quiz
Link to next quiz in quiz playlist
You Got
0%
They Got
Avg Score
51%
Avg Friend Score
Upgrade to see
Score Distribution
Jump to the score distribution portion of the page
Score
0/30
Timer
06:00
0
Plays Today
Blind Element
Actual Element
% Correct
CARB
Carbon
85.1%
ZC
Zinc
85.1%
CKEL
Nickel
83.5%
ARG
Argon
81.8%
LTHUM
Lithium
79.3%
XE
Xenon
79.3%
TUGSTE
Tungsten
79.3%
HEUM
Helium
77.7%
RAD
Radon
76.9%
BR
Boron
62%
T
Tin
58.7%
R
Iron
55.4%
EPTUUM
Neptunium
52.9%
AREC
Arsenic
51.2%
LER
Silver
49.6%
Blind Element
Actual Element
% Correct
TRGE
Nitrogen
47.9%
HAFUM
Hafnium
46.3%
DE
Iodine
42.1%
E
Neon
41.3%
LC
Silicon
40.5%
BELUM
Nobelium
34.7%
AADUM
Vanadium
31.4%
ELEUM
Selenium
28.9%
DUM
Indium
28.9%
RDUM
Iridium
27.3%
PLUM
Polonium
26.4%
TRTUM
Strontium
24%
BUM
Niobium
24%
CADUM
Scandium
23.1%
MUM
Osmium
19%
Quiz Playlist
Details
Report
Send in Message
Add To Playlist
Classic:
Type in answers that appear in a list
Forced Order:
Answers have to be entered in order
Random Order:
Randomize order of answers
Last Updated: Feb 16, 2017
Quiz Scoreboard
CHALLENGE
Sign Up to Join the Scoreboard
Show All
Scores
Hide
Comments
May contain spoilers
Recently Published
Street Fighter Characters
by Artimus82
Gaming
60s
9x9 Crossword: Cartoon Network
by jackfrog10
Miscellaneous
3m
College Basketball Coaching Resumes
by pancakes188
Sports
9m
More to Explore
Quiz From the Vault
Featured Blog Post
Where Did the Easter Bunny Come From?
hide this ad
You Might Also Like...
Tags
Chemistry Quiz
Elements Quiz
Periodic Table
Words
Today's Top Quizzes in Science
Browse Science
hide this ad
Today's Top Quizzes in Chemistry
Browse Chemistry
Top Contributed Quizzes in Science
1
Quick Pick: Radians
2
The First 100 Digits of Pi
3
Quick Pick: 'CI-CJ' Animals
4
Elements In Images
5
perfect squares 1-25
6
One Thing in Common: Science
7
One Thing in Common: Science II
8
One Thing in Common: Animals
9
Science Jokes
10
One Thing in Common: Science III
Explore More
Trending Topics
Kpop
Disney
Harry Potter
Crossword
Marvel
NBA
Anime
Pokémon
Country
Soccer
Puzzle
NFL
The Office
WWE
Song
hide this ad
More By:
rer2121
Quiz
Plays
Rating
Category
Featured
Created
Quick Sort Minefield Blitz
262,052
3.13
Just For Fun
May 13, 2012
Fill in the Lyrics
242,446
4.13
Music
Apr 5, 2012
World Cities Match 'Em Up
184,952
4.69
Geography
Dec 7, 2012
Fill in the Lyrics II
123,123
3.84
Music
Apr 21, 2012
Word to Number Blitz
70,826
3.90
Just For Fun
Sep 29, 2012
Go to Creator's Profile
Score Distribution
Quiz Creator Spotlight
rer2121
Follow
Send a Message
Quizzes Created
-
Created Quiz Play Count
-
More By This Creator
Popular Quizzes Today
1
Find the US States - No Outlines Minefield
2
Find the Countries of Europe - No Outlines Minefield
3
The Countries of the World
4
Find the US States
5
Risky Map Clicking: Biggest States A-Z
6
US States
7
Popular People in 1961
8
Movies - When Are They Set?
More Science Quizzes
HARM-less: Elements
Published
Trending Quizzes
Risky Map Clicking: Least Populous States A-Z
1-10 Letter G Words
Risky Map Clicking: Next State Alphabetically
Adjectives in 80s TV Shows
The Seven Year Switch: Catherine
Recently Updated
Leaping Animals
pecheneg
Reality TV Shows (A-Z)
bhenderson79
Rickey Henderson's Hall of Fame Teammates
pecheneg
Champions League XIs: Arsenal
pecheneg
Quick Pick: Celebrities in WWE's Hall of Fame
aduchscher
A-Z Keypad Blitz II
pecheneg
Multiple Oscar Actors
pecheneg
Mystery Phrase Blitz: Oscar 'Best Actors'
pecheneg
F. Scott Fitzgerald Novels
LTH
Pick 3 Villains
ddd62291
Trending Topics
Crossword
NBA
Marvel
Anime
Disney
Kpop
Harry Potter
Country
Pokémon
The Office
NFL
Soccer
WWE
Song
Puzzle
Your Account Isn't Verified!
In order to create a playlist on Sporcle, you need to verify the email address you used during registration. Go to your
Sporcle Settings
to finish the process.
Report this User
Report this user for behavior that violates our
Community Guidelines
.
Details:
Send Report
Go to the Sporcle.com Mobile Site →
Comments